Europäische Flaggen mit Wappen - Statistiken

Allgemein
  • Dieses Quiz wurde 59 mal gespielt
  • Das Durchschnittsergebnis liegt bei 9 aus 11
Antwortstatistiken
🛡 Land % Korrekt
10. Spanien🇪🇸
98%
5. Portugal🇵🇹
94%
8. Slowakei🇸🇰
92%
9. Slowenien🇸🇮
92%
1. Andorra🇦🇩
88%
7. Serbien🇷🇸
88%
3. Moldau🇲🇩
76%
6. San Marino🇸🇲
76%
11. Vatikanstadt🇻🇦
76%
2. Kroatien🇭🇷
75%
4. Montenegro🇲🇪
67%
Keine übereinstimmenden Quizze gefunden
Verteilung der Resultate
Anzahl Personen mit jedem Resultat
Perzentil nach korrekt beantworteten Fragen
Ihre Resultats-Entwicklung
Sie haben dieses Quiz noch nicht gespielt